| 000 | 01187nam a2200337 a 4500 | ||
|---|---|---|---|
| 001 | 46124 | ||
| 003 | BD-RjUL | ||
| 005 | 20211209054118.0 | ||
| 008 | 160731s1955 oncad sbm 001 0 eng d | ||
| 020 | _z0771097778 | ||
| 020 | _z9780771097775 | ||
| 020 | _z9780773581128 (e-book) | ||
| 035 | _a(BD-RjUL) 46242 | ||
| 035 | _a(NNC)10599253 | ||
| 040 |
_aCaPaEBR _cCaPaEBR _beng |
||
| 041 | _aeng | ||
| 082 | 0 | 4 |
_a332.04150971 _223 _bBUC 1955 |
| 100 | 1 |
_aBuckley, Kenneth A. H. _9140980 |
|
| 245 | 1 | 0 |
_aCapital formation in Canada, 1896-1930 / _cby Kenneth Buckley |
| 260 |
_aToronto : _bMcClelland and Stewart, _c1955. |
||
| 300 |
_axiii, 256 p. : _bill. ; _c23cm. |
||
| 490 | 1 | _aCarleton library ; | |
| 502 | _aOriginally presented as the author's thesis, London School of Economics and Political Science, 1950. | ||
| 504 | _aIncludes bibliographical references and index. | ||
| 650 | 0 |
_aSaving and investment _zCanada. _9140981 |
|
| 655 | 7 |
_aElectronic books. _2local _9129485 |
|
| 710 | 2 |
_aebrary, Inc. _9137644 |
|
| 830 | 0 |
_aCarleton library ; _9140983 |
|
| 856 | 4 | 0 |
_uhttp://www.columbia.edu/cgi-bin/cul/resolve?clio10599253 _zClick here for full text. |
| 942 |
_2ddc _cBK |
||
| 999 |
_c46124 _d46124 |
||